Migrácia a jej dopady na trh práce prijímajúcej krajiny
Migračná politika Slovenskej republiky s výhľadom do roku 2020. Motívy migrácie. Krajiny pôvodu (vysielajúce krajiny), tranzitné krajiny, cieľové krajiny (prijímajúce). Ekonomická migrácia.
Na minha lista:
| Autor principal: | |
|---|---|
| Formato: | Capítulo de Livro |
| Idioma: | eslovaco |
| Assuntos: | |
| Tags: |
Sem tags, seja o primeiro a adicionar uma tag!
|
MARC
| LEADER | 00000naa$a2200000$$$4500 | ||
|---|---|---|---|
| 001 | 0249878 | ||
| 005 | 20240712104416.5 | ||
| 041 | 0 | |a slo | |
| 044 | |a SK | ||
| 245 | 1 | 0 | |a Migrácia a jej dopady na trh práce prijímajúcej krajiny |c Ivana Lennerová |
| 520 | |a Migračná politika Slovenskej republiky s výhľadom do roku 2020. Motívy migrácie. Krajiny pôvodu (vysielajúce krajiny), tranzitné krajiny, cieľové krajiny (prijímajúce). Ekonomická migrácia. | ||
| 610 | 2 | 0 | |a trh práce |
| 610 | 2 | 0 | |a migrácia |
| 610 | 2 | 0 | |a pohyb síl pracovných |
| 610 | 2 | 0 | |a pohyb síl pracovných medzinárodný |
| 610 | 2 | 0 | |a právo pracovné |
| 610 | 2 | 0 | |a politika migračná |
| 610 | 2 | 0 | |a politika azylová |
| 610 | 2 | 0 | |a integrácia |
| 610 | 2 | 0 | |a Slovensko |
| 610 | 2 | 0 | |a Európska únia |
| 100 | 1 | |a Lennerová, Ivana, 1979- | |